Central Library OPAC University of Rajshahi

নতুন চর্যাপদ : পাঠ ও পাঠান্তর / (Record no. 74289)

MARC details
000 -LEADER
fixed length control field 01008nam a2200241 a 4500
001 - CONTROL NUMBER
control field 74289
003 - CONTROL NUMBER IDENTIFIER
rucl marc code BD-RjUL
005 - DATE AND TIME OF LATEST TRANSACTION
control field 20211209082531.0
008 - FIXED-LENGTH DATA ELEMENTS--GENERAL INFORMATION
fixed length control field 180529r20192017bg ||||| bi|| 00| 0 ben d
020 ## - INTERNATIONAL STANDARD BOOK NUMBER
International Standard Book Number 9847012004562
Terms of availability Tk.150.00
035 ## - SYSTEM CONTROL NUMBER
System control number (BD-RjUL)74507
040 ## - CATALOGING SOURCE
Original cataloging agency BD-RjUL
Language of cataloging eng
Transcribing agency BD-RjUL
041 ## - LANGUAGE CODE
Language code of text/sound track or separate title ben
082 ## - DEWEY DECIMAL CLASSIFICATION NUMBER
Edition number 23
Classification number 891.4409
Author mark and year SHN 2017
100 1# - MAIN ENTRY--PERSONAL NAME
Personal name শাহেদ, সৈয়দ মোহাম্মদ
9 (RLIN) 221508
245 10 - TITLE STATEMENT
Title নতুন চর্যাপদ : পাঠ ও পাঠান্তর /
Statement of responsibility, etc. সৈয়দ মোহাম্মদ শাহেদ,
260 ## - PUBLICATION, DISTRIBUTION, ETC. (IMPRINT)
Place of publication, distribution, etc. ঢাকা :
Name of publisher, distributor, etc. কথাপ্রকাশ ,
Date of publication, distribution, etc. ২০১৭,২০১৯
300 ## - PHYSICAL DESCRIPTION
Pagination [৮], ৬৯৫ পৃ. ;
Size ২৪ সেমি.
504 ## - BIBLIOGRAPHY, ETC. NOTE
Bibliography, etc গ্রন্থপঞ্জি সম্বলিত
650 ## - SUBJECT ADDED ENTRY--TOPICAL TERM
Topical term or geographic name as entry element বাংলা সাহিত্য
Form subdivision ইতিহাস ও সমালোচনা
9 (RLIN) 221509
Topical term or geographic name as entry element Bengali Literature
Form subdivision History and Criticism
9 (RLIN) 221510
942 ## - ADDED ENTRY ELEMENTS (KOHA)
Source of classification or shelving scheme Dewey Decimal Classification
Koha item type Books
Holdings
Lost status Source of classification or shelving scheme Damaged status Not for loan Collection code Permanent Location Current Location Shelving location Date acquired Source of acquisition Cost, normal purchase price Total Checkouts Full call number Date last seen Copy number Koha item type Date checked out
  Dewey Decimal Classification   Not For Loan Non-fiction Central Library, University of Rajshahi Central Library, University of Rajshahi Reading Room 15/03/2017 Rajshahi Viddya sagar 1500.00   B 891.4409 SHN 2017 29/05/2018 C-1 Books  
  Dewey Decimal Classification     Non-fiction Central Library, University of Rajshahi Central Library, University of Rajshahi   15/03/2017 Rajshahi Viddya sagar 1500.00   B 891.4409 SHN 2017 29/05/2018 C-2 Books  
  Dewey Decimal Classification     Non-fiction Central Library, University of Rajshahi Central Library, University of Rajshahi   15/03/2017 Rajshahi Viddya sagar 1500.00 1 B 891.4409 SHN 2017 12/02/2020 C-3 Books 10/02/2020
  Dewey Decimal Classification     Non-fiction Central Library, University of Rajshahi Central Library, University of Rajshahi   03/11/2019 Biddasagar, Rajshahi 1500.00   B 891.4409 SHN 2017 18/11/2019 C-4 Books  
  Dewey Decimal Classification     Non-fiction Central Library, University of Rajshahi Central Library, University of Rajshahi   03/11/2019 Biddasagar, Rajshahi 1500.00   B 891.4409 SHN 2019 18/11/2019 C-5 Books